| 000 | 00586nam a22001337a 4500 | ||
|---|---|---|---|
| 040 | _cRUA | ||
| 082 | _aFOR HOR 2015 B487 Or.1 | ||
| 100 | _aHORT SARLEN; | ||
| 245 | _aCommunity based on non timber forest products in preah vihear protected forest, preah vihear province; សហគមន៍ពឹងផ្អែកលើអនុផលព្រៃឈើនៅក្នុងព្រៃការពារព្រះវិហារ ខេត្តព្រះវិហារ | ||
| 260 |
_aPhnom Penh _bRUA _c2015 |
||
| 300 |
_ax;46p. _bill. _c29cm. |
||
| 856 | _u HORT SARLEN | ||
| 942 | _cFOR | ||
| 999 |
_c8273 _d8273 |
||